[Event "Magistral Endesa Norma MI 2008"]
[Site "Santiago de Chile"]
[Date "2008.10.17"]
[Round "5.1"]
[White "Cortes Moyano, Julio"]
[Black "Jorquera Cahuin, Marcelo"]
[Result "1-0"]
[WhiteElo "2286"]
[BlackElo "2310"]
[PlyCount "57"]
[EventDate "2008.10.13"]
[EventType "tourn"]
[EventRounds "11"]
[EventCountry "CHI"]
[EventCategory "4"]
[Source "lmi"]
[SourceDate "2008.10.13"]

1. e4 d5 2. exd5 Nf6 3. c4 c6 4. d4 cxd5 5. Nc3 Nc6 6. Nf3 Bg4 7. cxd5 Nxd5 8.
Qb3 Bxf3 9. gxf3 Nb6 10. Be3 e6 11. O-O-O Be7 12. d5 exd5 13. Nxd5 Nxd5 14.
Rxd5 Qc7 15. Kb1 O-O 16. f4 Nb4 17. Rd4 Nc6 18. Rd5 Nb4 19. Rd4 Rfd8 20. Rxd8+
Rxd8 21. Bc4 Bd6 22. Rg1 Nc6 23. Qc3 g6 24. Qf6 Bf8 25. f5 Bg7 26. fxg6 Rd1+
27. Rxd1 Bxf6 28. gxf7+ Kf8 29. Bh6+ 1-0

[Event "Magistral Endesa Norma MI 2008"]
[Site "Santiago de Chile"]
[Date "2008.10.17"]
[Round "5.2"]
[White "Valenzuela Fuentealba, Luis"]
[Black "Luconi, Cristian"]
[Result "1-0"]
[WhiteElo "2434"]
[BlackElo "2300"]
[PlyCount "61"]
[EventDate "2008.10.13"]
[EventType "tourn"]
[EventRounds "11"]
[EventCountry "CHI"]
[EventCategory "4"]
[Source "lmi"]
[SourceDate "2008.10.13"]

1. d4 d5 2. c4 e6 3. Nf3 Nf6 4. Nc3 c6 5. e3 Nbd7 6. Qc2 Bd6 7. Bd3 O-O 8. O-O
Re8 9. b3 dxc4 10. bxc4 e5 11. Rd1 Qe7 12. Ng5 g6 13. Nce4 Nxe4 14. Nxe4 Bb8
15. a4 exd4 16. exd4 f5 17. Ng5 Nf6 18. Nf3 Ne4 19. Re1 Bd7 20. Bb2 Bc7 21. a5
h6 22. g3 Qf7 23. Nh4 Bd8 24. Nf3 Bf6 25. h4 Bg7 26. Re2 Kh8 27. Rae1 Nd6 28.
Ne5 Rxe5 29. dxe5 Ne4 30. Bxe4 fxe4 31. e6 1-0

[Event "Magistral Endesa Norma MI 2008"]
[Site "Santiago de Chile"]
[Date "2008.10.17"]
[Round "5.3"]
[White "Valiente, Cristobal"]
[Black "Alonso, Salvador"]
[Result "0-1"]
[WhiteElo "2254"]
[BlackElo "2466"]
[PlyCount "116"]
[EventDate "2008.10.13"]
[EventType "tourn"]
[EventRounds "11"]
[EventCountry "CHI"]
[EventCategory "4"]
[Source "lmi"]
[SourceDate "2008.10.13"]

1. d4 d5 2. Nf3 Nf6 3. c4 c6 4. Qc2 dxc4 5. Qxc4 Bf5 6. g3 e6 7. Bg2 Nbd7 8.
O-O Be7 9. Bf4 O-O 10. Qb3 Qb6 11. Nbd2 Nd5 12. Qxb6 axb6 13. a3 Nxf4 14. gxf4
h6 15. Ne5 Nf6 16. e3 Rfd8 17. Rfc1 Ne8 18. Be4 Bxe4 19. Nxe4 Nd6 20. Nxd6 Bxd6
21. Kg2 f6 22. Nc4 Bc7 23. a4 Kf7 24. h4 Rd5 25. Kf3 Re8 26. Ra3 b5 27. Nd2 e5
28. Rc5 exd4 29. Rxd5 cxd5 30. axb5 dxe3 31. fxe3 Bb6 32. Rd3 h5 33. Nb1 Rd8
34. f5 g6 35. fxg6+ Kxg6 36. Nc3 d4 37. exd4 Rxd4 38. Rxd4 Bxd4 39. Ke4 Bf2 40.
Na4 Bxh4 41. Kf3 f5 42. b6 Be7 43. Nc3 Kg5 44. Nd5 Bd6 45. Ne3 Kf6 46. Nc4 Bb4
47. b3 Ke6 48. Kg3 Be1+ 49. Kf3 h4 50. Ke2 Bb4 51. Kf3 Bc3 52. Kg2 Kd5 53. Kh3
Be1 54. Ne3+ Ke4 55. Nc4 f4 56. Nd6+ Ke5 57. Nxb7 f3 58. Nd8 f2 0-1

[Event "Magistral Endesa Norma MI 2008"]
[Site "Santiago de Chile"]
[Date "2008.10.17"]
[Round "5.4"]
[White "Duarte, Leonardo"]
[Black "Sepulveda Herrera, Job Rodrigo"]
[Result "1/2-1/2"]
[WhiteElo "2341"]
[BlackElo "2325"]
[PlyCount "63"]
[EventDate "2008.10.13"]
[EventType "tourn"]
[EventRounds "11"]
[EventCountry "CHI"]
[EventCategory "4"]
[Source "lmi"]
[SourceDate "2008.10.13"]

1. e4 b6 2. d4 Bb7 3. Nc3 e6 4. Nf3 Bb4 5. Bd3 Nf6 6. Qe2 d5 7. exd5 Qxd5 8.
O-O Bxc3 9. bxc3 Qh5 10. a4 Bxf3 11. Qxf3 Qxf3 12. gxf3 O-O 13. c4 Nbd7 14. Bf4
c5 15. c3 cxd4 16. cxd4 e5 17. Bxe5 Nxe5 18. dxe5 Nd7 19. Be4 Rad8 20. f4 Nc5
21. Bd5 Nd3 22. e6 fxe6 23. Bxe6+ Kh8 24. f5 Nc5 25. a5 Nb3 26. Ra4 Nxa5 27. c5
Nc6 28. cxb6 axb6 29. Rb1 Nd4 30. Rxb6 Nxf5 31. Bxf5 Rxf5 32. Rd4 1/2-1/2

[Event "Magistral Endesa Norma MI 2008"]
[Site "Santiago de Chile"]
[Date "2008.10.17"]
[Round "5.6"]
[White "Needleman, Alejandro"]
[Black "Vargas Maliqueo, Ivan Patricio"]
[Result "0-1"]
[WhiteElo "2361"]
[BlackElo "2209"]
[PlyCount "110"]
[EventDate "2008.10.13"]
[EventType "tourn"]
[EventRounds "11"]
[EventCountry "CHI"]
[EventCategory "4"]
[Source "lmi"]
[SourceDate "2008.10.13"]

1. Nf3 d5 2. g3 c5 3. Bg2 Nc6 4. d4 e6 5. O-O Nf6 6. c4 Be7 7. cxd5 exd5 8. Nc3
O-O 9. Bg5 h6 10. Bxf6 Bxf6 11. dxc5 Qa5 12. Na4 Re8 13. Rc1 Bf5 14. a3 Rad8
15. b4 Qb5 16. e3 d4 17. exd4 Bxd4 18. Nxd4 Nxd4 19. Nc3 Qa6 20. Qh5 Qxa3 21.
b5 Bg6 22. Qg4 Qxc5 23. Nd5 Nc2 24. Nf4 Bf5 25. Qh5 Re5 26. Rfd1 Rde8 27. Qf3
Qxb5 28. Qxb7 Qxb7 29. Bxb7 Re1+ 30. Kg2 Rxd1 31. Rxd1 Rb8 32. Bf3 a5 33. Nd5
Kf8 34. g4 Be6 35. Nc3 Rc8 36. Na4 Rc4 37. Nb6 Rb4 38. Nd5 Bxd5 39. Bxd5 Rxg4+
40. Kf1 Rd4 41. Rc1 Rxd5 42. Rxc2 Ke7 43. Ke2 Kd6 44. Rc8 Rc5 45. Rf8 Rf5 46.
h4 Kc5 47. Ke3 Kb4 48. f4 a4 49. Ke4 g6 50. Rd8 a3 51. Rd4+ Kc3 52. Ra4 Kb3 53.
Ra7 Kb4 54. h5 Rg5 55. Rxf7 a2 0-1

[Event "Magistral Endesa Norma MI 2008"]
[Site "Santiago de Chile"]
[Date "2008.10.18"]
[Round "6.2"]
[White "Lopez Silva, Hugo Andres"]
[Black "Needleman, Alejandro"]
[Result "1-0"]
[WhiteElo "2394"]
[BlackElo "2361"]
[PlyCount "91"]
[EventDate "2008.10.13"]
[EventType "tourn"]
[EventRounds "11"]
[EventCountry "CHI"]
[EventCategory "4"]
[Source "lmi"]
[SourceDate "2008.10.13"]

1. e4 c5 2. c4 e6 3. Nc3 Nc6 4. g3 Nf6 5. f4 d6 6. Bg2 Be7 7. Nge2 O-O 8. O-O
a6 9. h3 Rb8 10. d3 Qc7 11. Be3 b5 12. b3 Nd7 13. Rc1 b4 14. Nb1 a5 15. d4 cxd4
16. Nxd4 Nxd4 17. Qxd4 a4 18. bxa4 Nc5 19. Nd2 e5 20. Qa1 Ra8 21. Nb3 Nxa4 22.
Bd2 Nc5 23. Qb1 Ra4 24. Na1 Bb7 25. Rfe1 Rfa8 26. Rc2 h6 27. Kh2 Ne6 28. Rec1
exf4 29. gxf4 g5 30. fxg5 Nxg5 31. Bf4 Ne6 32. Bxh6 d5+ 33. Kh1 dxe4 34. Rg1
Kh7 35. Be3 f5 36. Rf2 Qe5 37. Qd1 f4 38. Qd7 fxe3 39. Qxe7+ Ng7 40. Qxe5 exf2
41. Bxe4+ Bxe4+ 42. Qxe4+ Kg8 43. Qd5+ Kh7 44. Rf1 Rxa2 45. Nc2 b3 46. Qd3+ 1-0

[Event "Magistral Endesa Norma MI 2008"]
[Site "Santiago de Chile"]
[Date "2008.10.18"]
[Round "6.3"]
[White "Sepulveda Herrera, Job Rodrigo"]
[Black "Valdes Escobar, Alvaro Daniel"]
[Result "1/2-1/2"]
[WhiteElo "2325"]
[BlackElo "2354"]
[PlyCount "150"]
[EventDate "2008.10.13"]
[EventType "tourn"]
[EventRounds "11"]
[EventCountry "CHI"]
[EventCategory "4"]
[Source "lmi"]
[SourceDate "2008.10.13"]

1. d4 Nf6 2. Nf3 e6 3. e3 d5 4. Bd3 c5 5. b3 Nc6 6. O-O Bd6 7. Bb2 O-O 8. Nbd2
Qe7 9. c4 b6 10. Rc1 Bb7 11. Qe2 Rad8 12. cxd5 Nxd5 13. Nc4 cxd4 14. Nxd4 Nxd4
15. Bxd4 Bb8 16. Bb2 e5 17. Qg4 Nf6 18. Qe2 e4 19. Bb1 Qe6 20. Rfd1 Rxd1+ 21.
Rxd1 Rc8 22. Bxf6 Qxf6 23. Qg4 Re8 24. Qd7 Bc6 25. Qd4 Qxd4 26. Rxd4 f5 27. g3
g6 28. Bc2 Bc7 29. b4 Kf8 30. Bb3 Ke7 31. h4 Rd8 32. Rxd8 Kxd8 33. Na3 Ke7 34.
Nc2 a5 35. bxa5 bxa5 36. Nd4 Bd7 37. Kg2 h6 38. f3 exf3+ 39. Kxf3 Kf6 40. Bd5
Ke5 41. Bf7 g5 42. hxg5 hxg5 43. Kf2 g4 44. Bc4 Ke4 45. Bb3 Bb6 46. Bc2+ Ke5
47. Nb3 Bc6 48. Nd2 Bd5 49. a4 Bc5 50. Ke2 Bb4 51. Bd3 Bc6 52. Bc2 Bd5 53. Bd3
Be6 54. Bc2 Bd5 55. Bd3 Kf6 56. Bc2 Bc6 57. Bb3 Bd6 58. Kf2 Bc5 59. Ke2 Bd6 60.
Kf2 Bc7 61. Bc2 Ke5 62. Bb3 Bd5 63. Bc2 Be6 64. Bd1 Bb6 65. Bc2 Kd6 66. Ke2 Bc7
67. e4 fxe4 68. Bxe4 Ke5 69. Bc6 Kd4 70. Nf1 Kc5 71. Be8 Kb4 72. Kf2 Bb3 73.
Ne3 Bb6 74. Bd7 Bd1 75. Ke1 Bxe3 1/2-1/2

[Event "Magistral Endesa Norma MI 2008"]
[Site "Santiago de Chile"]
[Date "2008.10.18"]
[Round "6.4"]
[White "Alonso, Salvador"]
[Black "Duarte, Leonardo"]
[Result "1/2-1/2"]
[WhiteElo "2466"]
[BlackElo "2341"]
[PlyCount "97"]
[EventDate "2008.10.13"]
[EventType "tourn"]
[EventRounds "11"]
[EventCountry "CHI"]
[EventCategory "4"]
[Source "lmi"]
[SourceDate "2008.10.13"]

1. e4 c5 2. Nf3 e6 3. d4 cxd4 4. Nxd4 Nc6 5. Nc3 Qc7 6. Be2 a6 7. O-O Nf6 8.
Kh1 Nxd4 9. Qxd4 Bc5 10. Qd3 h5 11. f4 b5 12. e5 Ng4 13. Bf3 Bb7 14. Bxb7 Qxb7
15. Ne4 Be7 16. Bd2 Rc8 17. a3 Qd5 18. h3 Nh6 19. Bb4 Nf5 20. Rfe1 Qxd3 21.
cxd3 f6 22. Rac1 Kf7 23. Kg1 Nd4 24. Rc3 Rc6 25. Kf2 Bxb4 26. axb4 Nc2 27. Rc1
Nxb4 28. Ke2 Ke7 29. d4 Rhc8 30. Rc5 Rxc5 31. Nxc5 d6 32. exd6+ Kxd6 33. Nb7+
Kd7 34. Rxc8 Kxc8 35. Nc5 g6 36. Nxe6 Kd7 37. Nf8+ Kd6 38. Nxg6 Kd5 39. g4 hxg4
40. hxg4 Kxd4 41. g5 fxg5 42. fxg5 Nd5 43. Kd2 a5 44. Nh4 Ke5 45. Nf3+ Kf4 46.
Nd4 Kxg5 47. Nxb5 Kf5 48. Na3 Ke4 49. Nc4 1/2-1/2

[Event "Magistral Endesa Norma MI 2008"]
[Site "Santiago de Chile"]
[Date "2008.10.18"]
[Round "6.5"]
[White "Luconi, Cristian"]
[Black "Valiente, Cristobal"]
[Result "1/2-1/2"]
[WhiteElo "2300"]
[BlackElo "2254"]
[PlyCount "76"]
[EventDate "2008.10.13"]
[EventType "tourn"]
[EventRounds "11"]
[EventCountry "CHI"]
[EventCategory "4"]
[Source "lmi"]
[SourceDate "2008.10.13"]

1. d4 Nf6 2. Nf3 c5 3. d5 g6 4. Nc3 Bg7 5. e4 O-O 6. Be2 d6 7. O-O Na6 8. h3
Nc7 9. a4 b6 10. Bf4 a6 11. Qd2 Bb7 12. Rfe1 Re8 13. Bc4 Qd7 14. e5 Nh5 15. Bh2
b5 16. axb5 axb5 17. Rxa8 Rxa8 18. Bf1 b4 19. Ne4 Bxd5 20. exd6 exd6 21. Nxc5
dxc5 22. Bxc7 Bxb2 23. Be5 Bxe5 24. Nxe5 Qb7 25. Nd3 Qc6 26. Ne5 Qb7 27. Nd3
Qc6 28. Re5 Nf6 29. Nf4 Ba2 30. g4 Re8 31. Bg2 Qc8 32. Qe3 Rxe5 33. Qxe5 Nd7
34. Qd6 Qe8 35. Bd5 Bxd5 36. Nxd5 Qe1+ 37. Kg2 Qe4+ 38. Kg1 Qe1+ 1/2-1/2

[Event "Magistral Endesa Norma MI 2008"]
[Site "Santiago de Chile"]
[Date "2008.10.18"]
[Round "6.6"]
[White "Cortes Moyano, Julio"]
[Black "Valenzuela Fuentealba, Luis"]
[Result "1/2-1/2"]
[WhiteElo "2286"]
[BlackElo "2434"]
[PlyCount "177"]
[EventDate "2008.10.13"]
[EventType "tourn"]
[EventRounds "11"]
[EventCountry "CHI"]
[EventCategory "4"]
[Source "lmi"]
[SourceDate "2008.10.13"]

1. e4 c5 2. c3 Nf6 3. e5 Nd5 4. d4 cxd4 5. Nf3 Nc6 6. Bc4 Nb6 7. Bb3 d5 8. exd6
Qxd6 9. O-O Be6 10. Na3 dxc3 11. Qe2 Bxb3 12. Nb5 Qb8 13. axb3 e5 14. bxc3 Be7
15. Re1 Nd7 16. Nbd4 exd4 17. Nxd4 O-O 18. Nxc6 bxc6 19. Qxe7 Nf6 20. Qa3 Ng4
21. g3 Ne5 22. Bf4 Nf3+ 23. Kh1 Qb5 24. Re3 Qh5 25. Kg2 Ng5 26. Qc5 Qh3+ 27.
Kg1 Ne6 28. Qxc6 Nxf4 29. gxf4 Qg4+ 30. Rg3 Qxf4 31. Ra4 Qc1+ 32. Kg2 g6 33.
Qf6 Rfe8 34. Qf4 Qd1 35. Re3 Rxe3 36. Qxe3 Qxb3 37. Rxa7 Rc8 38. Qe7 Qd5+ 39.
f3 Rxc3 40. Qf6 Rc8 41. Re7 h5 42. h4 Ra8 43. Kg3 Rf8 44. Kf4 Rc8 45. Kg3 Rf8
46. Kf4 Rd8 47. Kg3 Rf8 48. Kf4 Qc5 49. Kg3 Qc4 50. Kf2 Rb8 51. Kg3 Qd5 52. Kh3
Rc8 53. Kg3 Rf8 54. Kf4 Rd8 55. Kg3 Rc8 56. Kh3 Kf8 57. Re5 Qd7+ 58. Kg3 Kg8
59. Re7 Qd5 60. Kh3 Qc4 61. Kg3 Rb8 62. Kh3 Qc8+ 63. Kg3 Qf8 64. Rd7 Re8 65.
Qd4 Qg7 66. Qxg7+ Kxg7 67. Ra7 Re3 68. Ra6 Rb3 69. Rc6 Rd3 70. Ra6 Kf8 71. Ra7
Rd6 72. Rb7 Kg7 73. Ra7 Kf6 74. Ra4 Rd5 75. Ra6+ Kf5 76. Ra4 f6 77. Rf4+ Ke6
78. Re4+ Re5 79. Ra4 g5 80. Ra3 Kf5 81. Ra4 Rc5 82. Rb4 Rd5 83. Ra4 Rd3 84.
Ra5+ Kg6 85. hxg5 fxg5 86. Ra6+ Kf5 87. Ra5+ Kf6 88. Ra6+ Kf5 89. Ra5+ 1/2-1/2

[Event "Magistral Endesa Norma MI 2008"]
[Site "Santiago de Chile"]
[Date "2008.10.18"]
[Round "7.2"]
[White "Valiente, Cristobal"]
[Black "Cortes Moyano, Julio"]
[Result "1-0"]
[WhiteElo "2254"]
[BlackElo "2286"]
[PlyCount "63"]
[EventDate "2008.10.13"]
[EventType "tourn"]
[EventRounds "11"]
[EventCountry "CHI"]
[EventCategory "4"]
[Source "lmi"]
[SourceDate "2008.10.13"]

1. d4 Nf6 2. Nf3 g6 3. g3 Bg7 4. Bg2 d6 5. O-O O-O 6. c4 Nbd7 7. Nc3 e5 8. e4
exd4 9. Nxd4 Re8 10. h3 a6 11. b3 Rb8 12. Be3 c5 13. Nde2 Ne5 14. f4 Nc6 15.
Qd2 Bxh3 16. Bxh3 Nxe4 17. Nxe4 Bxa1 18. Rxa1 Rxe4 19. Re1 Qf6 20. Nc3 Ree8 21.
Nd5 Qg7 22. g4 Ne7 23. Nc3 Rbd8 24. Bf2 h6 25. Bg2 Nc6 26. Nd5 Rxe1+ 27. Qxe1
g5 28. Ne7+ Kf8 29. Nf5 Qf6 30. Bxc6 bxc6 31. Qa5 h5 32. Qc7 1-0

[Event "Magistral Endesa Norma MI 2008"]
[Site "Santiago de Chile"]
[Date "2008.10.18"]
[Round "7.3"]
[White "Duarte, Leonardo"]
[Black "Luconi, Cristian"]
[Result "1-0"]
[WhiteElo "2341"]
[BlackElo "2300"]
[PlyCount "183"]
[EventDate "2008.10.13"]
[EventType "tourn"]
[EventRounds "11"]
[EventCountry "CHI"]
[EventCategory "4"]
[Source "lmi"]
[SourceDate "2008.10.13"]

1. e4 d5 2. exd5 Nf6 3. d4 Nxd5 4. Nf3 g6 5. Be2 Bg7 6. O-O O-O 7. h3 Nc6 8.
Bb5 Bd7 9. Re1 h6 10. c3 Re8 11. Na3 a6 12. Bf1 b5 13. Nc2 Bf5 14. a3 Na5 15.
Nb4 Be6 16. Rxe6 fxe6 17. Qc2 g5 18. h4 Rf8 19. hxg5 hxg5 20. Nxg5 Rf6 21. Qh7+
Kf8 22. Qh3 Nb3 23. Nh7+ Kf7 24. Nxf6 exf6 25. Rb1 Nxb4 26. axb4 Nxc1 27. Rxc1
Qd6 28. Qh5+ Ke7 29. Qg6 Kf8 30. Re1 Re8 31. g3 Re7 32. Bg2 e5 33. d5 Rf7 34.
Qf5 Rd7 35. Qe4 Rd8 36. Bf3 Qd7 37. g4 Kf7 38. Ra1 Qd6 39. g5 fxg5 40. Bg4 Qxd5
41. Qf5+ Ke7 42. Rxa6 Rd6 43. Ra7 Qc4 44. Qc8 Rc6 45. Ra8 Rd6 46. Ra7 Rc6 47.
Qd7+ Kf6 48. Qf5+ Ke7 49. Qxg5+ Bf6 50. Qf5 Bg7 51. Qg5+ Bf6 52. Qf5 Bg7 53.
Qd7+ Kf6 54. Ra8 Qe4 55. Qd8+ Kg6 56. Qe8+ Kf6 57. Qd8+ Kg6 58. Qh4 Qf4 59.
Qh5+ Kf6 60. Rb8 Rc4 61. Be2 Qc1+ 62. Kg2 Rf4 63. Ra8 Qc2 64. Ra6+ Ke7 65. Rg6
Rf7 66. Qg4 Bf6 67. Bxb5 Qd2 68. Bc4 Rf8 69. Rg7+ Kd8 70. Rg6 Be7 71. Qe2 Qxe2
72. Bxe2 Rf6 73. Rxf6 Bxf6 74. Kf3 Bh4 75. Ke3 Ke7 76. f3 Kd6 77. Kd3 Bf2 78.
Kc4 Kc6 79. Bd3 Be3 80. Be4+ Kb6 81. Kd5 Bc1 82. Kxe5 Bxb2 83. Kd4 Bc1 84. Kd5
Be3 85. c4 Bd2 86. b5 Bf4 87. Bd3 Bc1 88. Be2 Be3 89. Ke5 Bh6 90. f4 Kc5 91. f5
Bg7+ 92. Ke6 1-0

[Event "Magistral Endesa Norma MI 2008"]
[Site "Santiago de Chile"]
[Date "2008.10.18"]
[Round "7.4"]
[White "Valdes Escobar, Alvaro Daniel"]
[Black "Alonso, Salvador"]
[Result "1/2-1/2"]
[WhiteElo "2354"]
[BlackElo "2466"]
[PlyCount "29"]
[EventDate "2008.10.13"]
[EventType "tourn"]
[EventRounds "11"]
[EventCountry "CHI"]
[EventCategory "4"]
[Source "lmi"]
[SourceDate "2008.10.13"]

1. e4 c5 2. Ne2 Nc6 3. d4 cxd4 4. Nxd4 Nf6 5. Nc3 d6 6. f3 e5 7. Nb3 Be7 8. Be3
O-O 9. Qd2 a5 10. Bb5 Be6 11. O-O Na7 12. Be2 Nc6 13. Bb5 Na7 14. Be2 Nc6 15.
Bb5 1/2-1/2

[Event "Magistral Endesa Norma MI 2008"]
[Site "Santiago de Chile"]
[Date "2008.10.18"]
[Round "7.5"]
[White "Needleman, Alejandro"]
[Black "Sepulveda Herrera, Job Rodrigo"]
[Result "1/2-1/2"]
[WhiteElo "2361"]
[BlackElo "2325"]
[PlyCount "47"]
[EventDate "2008.10.13"]
[EventType "tourn"]
[EventRounds "11"]
[EventCountry "CHI"]
[EventCategory "4"]
[Source "lmi"]
[SourceDate "2008.10.13"]

1. e4 g6 2. d4 Bg7 3. Nf3 c6 4. h3 d5 5. Nc3 Nf6 6. Bd3 dxe4 7. Nxe4 Nxe4 8.
Bxe4 Nd7 9. O-O O-O 10. Bg5 Qc7 11. c3 e5 12. Bc2 exd4 13. Nxd4 Qb6 14. Qc1 Nf6
15. Bb3 c5 16. Nf3 Be6 17. Bxe6 Qxe6 18. Re1 Qb6 19. Ne5 Qc7 20. Bf4 Qc8 21. a4
Re8 22. Nc4 Rxe1+ 23. Qxe1 Qc6 24. Ne5 1/2-1/2

[Event "Magistral Endesa Norma MI 2008"]
[Site "Santiago de Chile"]
[Date "2008.10.18"]
[Round "7.6"]
[White "Vargas Maliqueo, Ivan Patricio"]
[Black "Lopez Silva, Hugo Andres"]
[Result "1-0"]
[WhiteElo "2209"]
[BlackElo "2394"]
[PlyCount "135"]
[EventDate "2008.10.13"]
[EventType "tourn"]
[EventRounds "11"]
[EventCountry "CHI"]
[EventCategory "4"]
[Source "lmi"]
[SourceDate "2008.10.13"]

1. Nf3 Nf6 2. e3 g6 3. b3 Bg7 4. Bb2 c5 5. c4 Nc6 6. d4 cxd4 7. Nxd4 Nxd4 8.
Bxd4 O-O 9. Be2 d5 10. O-O dxc4 11. Bxc4 Qd6 12. Be2 h5 13. h3 Bf5 14. Nd2 Rfd8
15. Qe1 Qe6 16. Bc4 Qd6 17. Nf3 Be6 18. Rc1 b6 19. Qe2 Ne4 20. Rfd1 Bxc4 21.
bxc4 Qe6 22. Qb2 Bf6 23. Qa3 Qd6 24. Qa4 Qc7 25. Qc2 Qc6 26. Ne5 Bxe5 27. Bxe5
Nc5 28. Ba1 Kh7 29. Rd4 Qe6 30. Rcd1 Rd7 31. Rd5 Kg8 32. Qc3 f6 33. f3 Rc8 34.
e4 Kf7 35. Qd2 Rxd5 36. cxd5 Qd7 37. Qh6 Rg8 38. e5 fxe5 39. Bxe5 Qf5 40. Qe3
Rd8 41. Rd2 Nd7 42. Bc7 Rc8 43. Re2 Qxd5 44. Qxe7+ Kg8 45. Bg3 Qc5+ 46. Kh2 Qd5
47. Bf4 Qf7 48. Qg5 Re8 49. Rd2 Nf8 50. Bg3 Ne6 51. Qh6 Ng7 52. Qg5 Kh7 53. Bf4
Kg8 54. Be5 Nf5 55. f4 h4 56. Rc2 Kh7 57. Rc7 Re7 58. Rc6 Re6 59. Qd8 Re8 60.
Qg5 Re6 61. Rc8 Re8 62. Rc2 Qe6 63. Rc7+ Re7 64. Rc2 Re8 65. Rd2 Qc6 66. Rd6
Nxd6 67. Qxh4+ Kg8 68. Qh8+ 1-0

[Event "Magistral Endesa Norma MI 2008"]
[Site "Santiago de Chile"]
[Date "2008.10.19"]
[Round "8.2"]
[White "Sepulveda Herrera, Job Rodrigo"]
[Black "Vargas Maliqueo, Ivan Patricio"]
[Result "1/2-1/2"]
[WhiteElo "2325"]
[BlackElo "2209"]
[PlyCount "150"]
[EventDate "2008.10.13"]
[EventType "tourn"]
[EventRounds "11"]
[EventCountry "CHI"]
[EventCategory "4"]
[Source "lmi"]
[SourceDate "2008.10.13"]

1. d4 d6 2. Nc3 e5 3. Nf3 Nd7 4. e4 Ngf6 5. Bc4 exd4 6. Qxd4 Nb6 7. Bb3 Be6 8.
Bxe6 fxe6 9. e5 c5 10. Qh4 dxe5 11. Nxe5 Qd4 12. Nf3 Qxh4 13. Nxh4 Nbd5 14. Bd2
O-O-O 15. Nf3 Nb4 16. O-O-O Ng4 17. Rhf1 Bd6 18. Bg5 Rd7 19. h3 Nf6 20. Kb1 h6
21. Bc1 Nc6 22. Rfe1 Re8 23. Ne4 Bf8 24. Rxd7 Kxd7 25. c3 e5 26. Kc2 Nxe4 27.
Rxe4 Bd6 28. Nd2 b5 29. f3 Ne7 30. Re2 Nf5 31. Ne4 Kc6 32. Kd1 Bc7 33. Be3 Rd8+
34. Ke1 Rd5 35. Bf2 a5 36. Rd2 c4 37. Ke2 Ne7 38. g4 Ng6 39. Be3 Bd8 40. Ng3
Nh4 41. Nh5 Ng2 42. Rxd5 Kxd5 43. Nxg7 Nxe3 44. Kxe3 Bg5+ 45. Ke2 Bc1 46. b3
cxb3 47. axb3 e4 48. fxe4+ Kxe4 49. Kd1 Bg5 50. Kc2 a4 51. bxa4 bxa4 52. Nf5 a3
53. c4 Bf4 54. Kb3 Bc1 55. Ka2 Ke5 56. Ng3 Bb2 57. Kb3 Bc1 58. Ne2 Bb2 59. Ng3
Bc1 60. Ne2 Bb2 61. Nc3 Kf4 62. c5 Ke5 63. h4 Bc1 64. Kc4 Be3 65. c6 Kd6 66. c7
Kd7 67. Kb3 Bc1 68. Nb5 Kc8 69. Ka2 Kd7 70. Kb1 Bf4 71. Ka2 Bc1 72. Kb3 Kc8 73.
Ka2 Kd7 74. Kb3 Kc8 75. Ka2 Kd7 1/2-1/2

[Event "Magistral Endesa Norma MI 2008"]
[Site "Santiago de Chile"]
[Date "2008.10.19"]
[Round "8.3"]
[White "Alonso, Salvador"]
[Black "Needleman, Alejandro"]
[Result "1-0"]
[WhiteElo "2466"]
[BlackElo "2361"]
[PlyCount "85"]
[EventDate "2008.10.13"]
[EventType "tourn"]
[EventRounds "11"]
[EventCountry "CHI"]
[EventCategory "4"]
[Source "lmi"]
[SourceDate "2008.10.13"]

1. e4 c5 2. Nf3 e6 3. d4 cxd4 4. Nxd4 Nc6 5. Nc3 Qc7 6. Be2 a6 7. O-O b5 8. f4
Nf6 9. Nxc6 dxc6 10. e5 Nd5 11. Nxd5 cxd5 12. Be3 Bd7 13. c3 Be7 14. Bd4 O-O
15. Bd3 f5 16. exf6 Bxf6 17. Qh5 h6 18. Bxf6 Rxf6 19. Qe5 Qb6+ 20. Qd4 Qd6 21.
Rae1 a5 22. Re5 Rd8 23. a3 Be8 24. b4 axb4 25. axb4 Qc6 26. Ra1 Ra8 27. Rxa8
Qxa8 28. h3 Qa3 29. f5 Bf7 30. fxe6 Bxe6 31. Be2 Qa1+ 32. Kh2 Qa2 33. Qe3 Qa6
34. Bf3 Qd6 35. Kg1 Bf7 36. Qd4 Re6 37. Rxe6 Bxe6 38. Kf2 Kf8 39. Ke3 Qh2 40.
Qf4+ Qxf4+ 41. Kxf4 Ke7 42. Ke5 Bd7 43. Kxd5 1-0

[Event "Magistral Endesa Norma MI 2008"]
[Site "Santiago de Chile"]
[Date "2008.10.19"]
[Round "8.4"]
[White "Luconi, Cristian"]
[Black "Valdes Escobar, Alvaro Daniel"]
[Result "1/2-1/2"]
[WhiteElo "2300"]
[BlackElo "2354"]
[PlyCount "66"]
[EventDate "2008.10.13"]
[EventType "tourn"]
[EventRounds "11"]
[EventCountry "CHI"]
[EventCategory "4"]
[Source "lmi"]
[SourceDate "2008.10.13"]

1. d4 g6 2. Nf3 Bg7 3. c3 d6 4. Bg5 h6 5. Bh4 Nf6 6. Nbd2 g5 7. Bg3 Bf5 8. Qb3
Qc8 9. e3 c6 10. c4 a6 11. Bd3 Bxd3 12. Qxd3 c5 13. Rc1 Nh5 14. O-O O-O 15. a3
Nd7 16. b4 b6 17. Rb1 f5 18. dxc5 bxc5 19. Ne1 Kh8 20. Qe2 Ndf6 21. Nd3 cxb4
22. axb4 e5 23. h3 e4 24. Ne1 Nxg3 25. fxg3 Qe6 26. Nc2 Nd7 27. Nd4 Bxd4 28.
exd4 d5 29. g4 fxg4 30. cxd5 Qxd5 31. Qxe4 Qxe4 32. Nxe4 gxh3 33. gxh3 Rfe8
1/2-1/2

[Event "Magistral Endesa Norma MI 2008"]
[Site "Santiago de Chile"]
[Date "2008.10.19"]
[Round "8.5"]
[White "Cortes Moyano, Julio"]
[Black "Duarte, Leonardo"]
[Result "1/2-1/2"]
[WhiteElo "2286"]
[BlackElo "2341"]
[PlyCount "41"]
[EventDate "2008.10.13"]
[EventType "tourn"]
[EventRounds "11"]
[EventCountry "CHI"]
[EventCategory "4"]
[Source "lmi"]
[SourceDate "2008.10.13"]

1. e4 c5 2. Nf3 e6 3. c3 Nf6 4. e5 Nd5 5. d4 cxd4 6. Bc4 Nb6 7. Bb3 d6 8. cxd4
Bd7 9. O-O Bc6 10. Re1 Bd5 11. Nc3 Bxb3 12. Qxb3 d5 13. Bg5 Be7 14. Bxe7 Qxe7
15. Nb5 Nc4 16. Nd6+ Nxd6 17. exd6 Qxd6 18. Qxb7 Qc6 19. Qb4 Qb6 20. Qa4+ Qc6
21. Qb4 1/2-1/2

[Event "Magistral Endesa Norma MI 2008"]
[Site "Santiago de Chile"]
[Date "2008.10.19"]
[Round "8.6"]
[White "Valenzuela Fuentealba, Luis"]
[Black "Valiente, Cristobal"]
[Result "1-0"]
[WhiteElo "2434"]
[BlackElo "2254"]
[PlyCount "131"]
[EventDate "2008.10.13"]
[EventType "tourn"]
[EventRounds "11"]
[EventCountry "CHI"]
[EventCategory "4"]
[Source "lmi"]
[SourceDate "2008.10.13"]

1. d4 Nf6 2. Nf3 e6 3. c4 Bb4+ 4. Nbd2 d5 5. a3 Be7 6. e3 O-O 7. Bd3 b6 8. O-O
Bb7 9. b4 a5 10. b5 c6 11. bxc6 Nxc6 12. Rb1 Rb8 13. Qe2 Re8 14. Bb2 Bf8 15.
Rfc1 Na7 16. cxd5 exd5 17. Ne5 g6 18. Ba6 Ba8 19. a4 Bb4 20. Bc3 Bd6 21. h3 Nd7
22. Ndf3 f6 23. Nd3 Bc6 24. Qa2 Kg7 25. Bb2 Ba8 26. Ba3 Nf8 27. Nf4 Ne6 28.
Nxe6+ Rxe6 29. Ne1 Qe7 30. Bxd6 Qxd6 31. Rc3 Qd7 32. Nd3 Rc6 33. Rbc1 Rxc3 34.
Rxc3 Bc6 35. Qc2 g5 36. h4 h6 37. h5 Qe8 38. Nc1 Kh8 39. Qf5 Qf7 40. Nd3 Rf8
41. Bb5 Bb7 42. Bd7 Ba6 43. Rc7 Nc8 44. Rxc8 Bxc8 45. Bxc8 Qxh5 46. g4 Qe8 47.
Bd7 Qe4 48. Qxe4 dxe4 49. Nb2 Rd8 50. Bc6 Kg7 51. Nc4 Rb8 52. Nd6 Kf8 53. Nxe4
Ke7 54. d5 Rh8 55. Kg2 h5 56. f3 hxg4 57. fxg4 Rh4 58. Kg3 Rh8 59. Bb5 Rd8 60.
Bc6 Rh8 61. Kf3 Rh2 62. d6+ Ke6 63. d7 Rh8 64. Ng3 Kd6 65. Bb5 Kc7 66. Nf5 1-0